000 00318nam a22001337a 4500
008 170923b xxu||||| |||| 00| 0 eng d
020 _a9780838982013
041 _aeng
080 _a37
100 _a46
101 _aEDU
245 _aASSESSMENT IN COLLEGE LIBRARY INSTRUCTION PROGRAMS
_cMERZ, L.H
942 _2udc
_cBK
999 _c29444
_d29444